Schaum's outlines of theory and problems of set theory and related topics

Bewaard in:
Bibliografische gegevens
Hoofdauteur: Seymour Lipschutz
Formaat: Boek
Taal:Undetermined
Gepubliceerd in: New York McGraw-Hill 1998
Onderwerpen:
Tags: Voeg label toe
Geen labels, Wees de eerste die dit record labelt!
Thư viện lưu trữ: Trung tâm Học liệu Trường Đại học Cần Thơ
LEADER 00511nam a2200181Ia 4500
001 CTU_54844
008 210402s9999 xx 000 0 und d
020 |b 168000 
082 |a 511.322 
082 |b L767 
100 |a Seymour Lipschutz 
245 0 |a Schaum's outlines of theory and problems of set theory and related topics 
245 0 |c Seymour Lipschutz 
260 |a New York 
260 |b McGraw-Hill 
260 |c 1998 
650 |a set theory 
980 |a Trung tâm Học liệu Trường Đại học Cần Thơ